| 000 | 00939nam0a2200265 4500 | ||
|---|---|---|---|
| 001 | RU\NLR\ONL1\1721 | ||
| 005 | 20260406091532.0 | ||
| 035 | _a(NLR Aleph) 009630479 | ||
| 090 |
_a9490192 _c9490192 |
||
| 100 | _a20030827d1995 |||y0rusy50 ca | ||
| 101 | 0 | _achm | |
| 102 | _aRU | ||
| 105 | _aa ||||||||| | ||
| 200 | 1 |
_aКечан садвечыште _eЛудса чиялтыза _f[Клюкин Ю. П. чорастарен] |
|
| 210 |
_aЙошкар-Ола _cМарий кн. савыктыш _d1995 |
||
| 215 |
_a[10] с. _cил. _d29 |
||
| 686 | 1 | _aШ9(2)6=Мар-5 | |
| 700 | 1 |
_4070 _7ca _8rus _aАнисимов _bЭ. В. _cпоэт, журналист _f1938-2020 _gЭврик Васильевич _92669579 _3RU\NLR\AUTH\770282107 |
|
| 702 | 1 |
_aКлюкин _bЮ. П. _4440 |
|
| 801 | 0 |
_aRU _bNLR _c20030827 _gPSBO |
|
| 852 |
_aNLR _bОНЛ _jМар.л./4-176 |
||
| 942 | _cBOOK | ||
| 980 | _aNB | ||